000 00736nam a2200289Ia 4500
005 20260324134014.0
008 008 260324s9999 xx 000 0 eng d
020 _a9780429247248
037 _aEBOOK
040 _aCRL
040 _beng
040 _cCRL
041 _2eng
041 _aeng
084 _qCRL
100 _aKevin P. McCormack; William C. Johnson
_91195218
245 0 _aSupply Chain Networks and Business Process Orientation
245 0 _bAdvanced Strategies and Best Practices
260 _bTaylor and Francis
260 _c2002
365 _a
365 _b160
856 _uhttp://www.taylorfrancis.com/books/9780429247248
942 _cEBOOK
999 _c1794839
_d1794839